000 00562nam a22001697a 4500
003 NUST
038 _aNusrat Nadeem
082 _a200
100 _aShah, Syed Sajid Ali
_9123500
245 _aSynthesis and Characterization of Nanocomposites from Functionalized Graphene/
_cSyed Sajid Ali Shah
264 _aIslamabad;
_bSCME NUST;
_c2018
300 _a143,p;
_bill;
_c30,cm.
690 _aPhD-Materials Engineering
_9123162
700 _aSupervisor:Dr. Habib Nasir
_9123473
856 _uhttp://10.250.8.41:8080/xmlui/handle/123456789/18089
942 _2ddc
_cTHE
999 _c609678
_d609678